[Event "Titled Tuesday intern op 12th Sep Late"]
[Site "Chess.com INT"]
[Date "2023.09.12"]
[Round "8"]
[White "Neklyudov, Viacheslav I"]
[Black "Goltsev, Dmitry"]
[Result "0-1"]
[WhiteElo "2432"]
[BlackElo "2238"]
[PlyCount "102"]
[EventDate "2023.09.12"]
[EventType "swiss (blitz)"]
[EventRounds "11"]
[EventCountry "USA"]
[SourceTitle "EXT 2024"]
[Source "ChessBase"]
[SourceDate "2023.10.10"]
[SourceVersion "1"]
[SourceVersionDate "2023.10.10"]
[SourceQuality "1"]

1. e4 e6 2. d4 d5 3. Nd2 c5 4. exd5 exd5 5. Bb5+ Nc6 6. Qe2+ Be7 7. dxc5 Nf6 8. Ngf3 0-0 9. 0-0 Bxc5 10. Nb3 Bb6 11. h3 Qd6 12. c3 a6 13. Bd3 Bd7 14. Bg5 h6 15. Bxf6 Qxf6 16. Rad1 Qf4 17. Rde1 Rae8 18. Qd1 Rxe1 19. Rxe1 Bxh3 20. gxh3 Qg3+ 21. Kh1 Qxh3+ 22. Nh2 Bc7 23. f4 Bxf4 24. Qe2 Ne5 25. Bc2 Bxh2 26. Qxh2 Qxh2+ 27. Kxh2 Nf3+ 28. Kg3 Nxe1 29. Bb1 Re8 30. Kf2 g5 31. Nd4 g4 32. Ne2 Nf3 33. Nf4 d4 34. Bf5 dxc3 35. bxc3 Nd2 36. Nd5 Kh8 37. Bxg4 Re5 38. Ne3 Ne4+ 39. Kf3 Nxc3 40. Bc8 Re7 41. a3 a5 42. Bf5 b5 43. Bd3 b4 44. axb4 axb4 45. Bc4 Rb7 46. Bb3 h5 47. Kf4 Ne2+ 48. Kg5 Nd4 49. Bd1 b3 50. Bxb3 Rxb3 51. Nd5 Rb5 0-1

[Event "Titled Tuesday intern op 12th Sep Late"]
[Site "Chess.com INT"]
[Date "2023.09.12"]
[Round "7"]
[White "Neklyudov, Viacheslav I"]
[Black "Janaszak, Dawid"]
[Result "1-0"]
[WhiteElo "2432"]
[BlackElo "2302"]
[PlyCount "93"]
[EventDate "2023.09.12"]
[EventType "swiss (blitz)"]
[EventRounds "11"]
[EventCountry "USA"]
[SourceTitle "EXT 2024"]
[Source "ChessBase"]
[SourceDate "2023.10.10"]
[SourceVersion "1"]
[SourceVersionDate "2023.10.10"]
[SourceQuality "1"]

1. e4 c5 2. Nf3 Nc6 3. d4 cxd4 4. Nxd4 g6 5. c4 e5 6. Nb5 d6 7. N1c3 Nf6 8. Be2 a6 9. Na3 Bg7 10. Nc2 0-0 11. 0-0 Be6 12. Be3 Rc8 13. b3 b5 14. cxb5 axb5 15. f3 b4 16. Nd5 Bxd5 17. exd5 Ne7 18. Bc4 Nf5 19. Bf2 e4 20. Nxb4 e3 21. Be1 Qb6 22. Kh1 e2 23. Qxe2 Rfe8 24. Qf2 Ne3 25. Rg1 Nh5 26. Rc1 Bd4 27. Nc6 Rxc6 28. dxc6 Nxc4 29. Qf1 Ne3 30. Qd3 Nf5 31. Rf1 Nf4 32. Qc4 Ne3 33. Qb4 Nxf1 34. c7 Qa6 35. Qxd4 Ne2 36. Qc4 Qxc4 37. Rxc4 Rc8 38. Ba5 d5 39. Rb4 Kg7 40. Rb8 Rxc7 41. Bxc7 d4 42. Rd8 Ne3 43. Be5+ f6 44. Bxd4 Nc2 45. a4 Nexd4 46. a5 Nc6 47. Rd5 1-0

[Event "Titled Tuesday intern op 25th Jan"]
[Site "Chess.com INT"]
[Date "2022.01.25"]
[Round "2"]
[White "Neklyudov, Viacheslav I"]
[Black "Alavkin, Arseny Nailievich"]
[Result "1/2-1/2"]
[WhiteElo "2432"]
[BlackElo "2373"]
[PlyCount "167"]
[EventDate "2022.01.25"]
[EventType "swiss (blitz)"]
[EventRounds "11"]
[EventCountry "USA"]
[SourceTitle "CBM 206 Extra"]
[Source "ChessBase"]
[SourceDate "2022.03.31"]
[SourceVersion "1"]
[SourceVersionDate "2022.03.31"]
[SourceQuality "1"]

1. d4 Nf6 2. c4 e6 3. Nf3 d5 4. g3 dxc4 5. Bg2 Bb4+ 6. Bd2 c5 7. 0-0 0-0 8. a3 Bxd2 9. Nbxd2 cxd4 10. Nxc4 d3 11. e3 Nc6 12. Nce5 Nd5 13. Nxc6 bxc6 14. Qxd3 a5 15. Rfc1 Rb8 16. Rab1 Bd7 17. Ne5 Qc7 18. f4 Rfd8 19. e4 Nf6 20. Qe3 Be8 21. b4 axb4 22. axb4 Qb6 23. Qxb6 Rxb6 24. Nc4 Rbb8 25. Na5 Rb6 26. Nc4 Rb5 27. Na5 Rc8 28. Rc4 h6 29. Rbc1 Rcb8 30. e5 Nd5 31. Nxc6 Bxc6 32. Rxc6 Nxb4 33. Rc8+ Rxc8 34. Rxc8+ Kh7 35. Rc7 Kg6 36. Be4+ f5 37. exf6+ Kxf6 38. Kg2 Na6 39. Rb7 Rc5 40. h4 Nc7 41. Rb8 Nb5 42. Rf8+ Ke7 43. Rg8 Kf7 44. Rd8 Nc3 45. Bd3 Ra5 46. Rd7+ Kf6 47. g4 g5 48. fxg5+ hxg5 49. h5 Rd5 50. Rxd5 Nxd5 51. Kf3 Ne7 52. Bc2 Ng8 53. Be4 Nh6 54. Bd3 Ke5 55. Be2 Kd4 56. Bd1 Kd3 57. Ba4 Kd4 58. Bc6 Kc5 59. Be4 Kd6 60. Bg6 Ke5 61. Bc2 Kf6 62. Bb1 Nf7 63. Bg6 Ne5+ 64. Ke4 Nxg4 65. Be8 Nh6 66. Bc6 Nf5 67. Kf3 Nh6 68. Be4 g4+ 69. Kf4 e5+ 70. Ke3 Kg5 71. Bg6 Ng8 72. Ke4 g3 73. Kf3 Kh4 74. Bf7 Nh6 75. Be6 e4+ 76. Kg2 e3 77. Bc4 Kxh5 78. Be2+ Kg5 79. Kxg3 Nf5+ 80. Kf3 Kf6 81. Ke4 Kg5 82. Kf3 Kf6 83. Bd3 e2 84. Kxe2 1/2-1/2

[Event "Titled Tuesday intern op 25th Jan"]
[Site "Chess.com INT"]
[Date "2022.01.25"]
[Round "6"]
[White "Neklyudov, Viacheslav I"]
[Black "Reprintsev, Alexander"]
[Result "0-1"]
[WhiteElo "2432"]
[BlackElo "2353"]
[PlyCount "96"]
[EventDate "2022.01.25"]
[EventType "swiss (blitz)"]
[EventRounds "11"]
[EventCountry "USA"]
[SourceTitle "CBM 206 Extra"]
[Source "ChessBase"]
[SourceDate "2022.03.31"]
[SourceVersion "1"]
[SourceVersionDate "2022.03.31"]
[SourceQuality "1"]

1. e4 d5 2. exd5 Qxd5 3. Nc3 Qa5 4. d4 Nf6 5. Nf3 Nc6 6. Bb5 Ne4 7. Bxc6+ bxc6 8. 0-0 Nxc3 9. bxc3 Bf5 10. Ne5 Qxc3 11. Qh5 g6 12. Qh4 Bg7 13. Bh6 0-0 14. Bxg7 Kxg7 15. Qxe7 Qxd4 16. Nxc6 Qf6 17. Qc5 Be4 18. Nd4 Rad8 19. c3 Rd5 20. Qxc7 Qg5 21. f3 Bd3 22. Rfe1 Rc5 23. Qe7 Qxe7 24. Rxe7 Rxc3 25. Rxa7 Re8 26. Rd7 h5 27. a4 Ba6 28. Rd6 Ra8 29. Re1 h4 30. h3 Ra3 31. Re7 Bc4 32. Rc6 Ba2 33. Nb5 R3xa4 34. Nc3 Ra3 35. Nxa2 Rxa2 36. Rcc7 Rf8 37. Re4 g5 38. Rg4 Kg6 39. f4 f6 40. Rc5 Kh6 41. fxg5+ fxg5 42. Rcxg5 Ra1+ 43. Kh2 Rff1 44. Rg6+ Kh7 45. Rg7+ Kh8 46. Rg8+ Kh7 47. R8g7+ Kh8 48. R7g6 Rh1# 0-1

[Event "Titled Tuesday intern op 25th Jan"]
[Site "Chess.com INT"]
[Date "2022.01.25"]
[Round "7"]
[White "Nikulina, Alena"]
[Black "Neklyudov, Viacheslav I"]
[Result "0-1"]
[WhiteElo "1923"]
[BlackElo "2432"]
[PlyCount "102"]
[EventDate "2022.01.25"]
[EventType "swiss (blitz)"]
[EventRounds "11"]
[EventCountry "USA"]
[SourceTitle "CBM 206 Extra"]
[Source "ChessBase"]
[SourceDate "2022.03.31"]
[SourceVersion "1"]
[SourceVersionDate "2022.03.31"]
[SourceQuality "1"]

1. e4 h5 2. d4 a5 3. c4 e6 4. Nc3 Bb4 5. Bd3 a4 6. a3 Bxc3+ 7. bxc3 c5 8. Ne2 Nc6 9. 0-0 d6 10. d5 Ne5 11. f4 Nxd3 12. Qxd3 Nf6 13. e5 dxe5 14. fxe5 Ng4 15. Bf4 b5 16. d6 bxc4 17. Qxc4 Ba6 18. Qxa4+ Qd7 19. Qxd7+ Kxd7 20. Rfe1 f6 21. exf6 gxf6 22. h3 Nh6 23. Rab1 Bxe2 24. Rxe2 Ra7 25. Reb2 e5 26. Be3 Kxd6 27. Rb6+ Kd5 28. Rxf6 Nf7 29. Rb5 Rc8 30. a4 Nd6 31. Rb1 Ne4 32. Rh6 Rxa4 33. Rxh5 Nxc3 34. Re1 Re4 35. Bd2 Rxe1+ 36. Bxe1 Ne4 37. g4 c4 38. Rh7 c3 39. Bxc3 Rxc3 40. Kg2 Rg3+ 41. Kh2 Rf3 42. h4 Kd4 43. g5 Rg3 44. Rd7+ Ke3 45. Re7 Rg4 46. Rxe5 Rxh4+ 47. Kg2 Kf4 48. Re8 Rg4+ 49. Kh3 Nxg5+ 50. Kh2 Nf3+ 51. Kh3 Rg3# 0-1

[Event "Titled Tuesday intern op 25th Jan"]
[Site "Chess.com INT"]
[Date "2022.01.25"]
[Round "11"]
[White "Thorhallsson, Simon"]
[Black "Neklyudov, Viacheslav I"]
[Result "1-0"]
[WhiteElo "2245"]
[BlackElo "2432"]
[PlyCount "32"]
[EventDate "2022.01.25"]
[EventType "swiss (blitz)"]
[EventRounds "11"]
[EventCountry "USA"]
[SourceTitle "CBM 206 Extra"]
[Source "ChessBase"]
[SourceDate "2022.03.31"]
[SourceVersion "1"]
[SourceVersionDate "2022.03.31"]
[SourceQuality "1"]

1. e4 e5 2. Nf3 Nc6 3. Bc4 Nf6 4. Ng5 d5 5. exd5 Na5 6. Bb5+ c6 7. dxc6 bxc6 8. Bd3 Bc5 9. 0-0 h6 10. Ne4 Nxe4 11. Bxe4 0-0 12. d3 f5 13. Bf3 Rb8 14. a3 Bd6 15. Nc3 Nb7 16. Bxc6 Bd7 1-0

[Event "Speed Chess GP4"]
[Site "Chess.com INT"]
[Date "2021.10.09"]
[Round "2"]
[White "Neklyudov, Viacheslav I"]
[Black "Guliev, Logman"]
[Result "1-0"]
[WhiteElo "2432"]
[BlackElo "2273"]
[PlyCount "87"]
[EventDate "2021.10.09"]
[EventType "swiss (blitz)"]
[EventRounds "10"]
[EventCountry "USA"]
[SourceTitle "CBM 204 Extra"]
[Source "ChessBase"]
[SourceDate "2021.11.30"]
[SourceVersion "1"]
[SourceVersionDate "2021.11.30"]
[SourceQuality "1"]

1. e4 c5 2. Nf3 d6 3. d4 cxd4 4. Nxd4 Nf6 5. Nc3 a6 6. a3 e5 7. Nb3 Be7 8. Bg5 Be6 9. Be2 0-0 10. Bxf6 Nd7 11. Bxe7 Qxe7 12. Nd5 Qg5 13. 0-0 f5 14. f4 Qd8 15. exf5 Bxf5 16. c4 Kh8 17. Bg4 e4 18. Nd4 Bxg4 19. Qxg4 Nc5 20. b4 Nd3 21. h3 Re8 22. f5 e3 23. Ne6 Qd7 24. Nb6 Qf7 25. Nxa8 Rxa8 26. Qe4 Ne5 27. Qxe3 Nxc4 28. Qf4 Ne5 29. Rad1 Qe7 30. Ng5 Rf8 31. Ne4 Nc4 32. f6 gxf6 33. Nxd6 Ne5 34. Nf5 Qf7 35. Rd6 Ng6 36. Qd4 Ne5 37. Ne3 Rg8 38. Qxe5 fxe5 39. Rxf7 Rc8 40. Rdd7 Kg8 41. Rg7+ Kh8 42. Rxh7+ Kg8 43. Nf5 Rc1+ 44. Kh2 1-0

[Event "Titled Tuesday intern op 21st Sept"]
[Site "Chess.com INT"]
[Date "2021.09.21"]
[Round "7"]
[White "Hartikainen, Jarmo"]
[Black "Neklyudov, Viacheslav I"]
[Result "1-0"]
[WhiteElo "2133"]
[BlackElo "2432"]
[PlyCount "35"]
[EventDate "2021.09.21"]
[EventType "swiss (blitz)"]
[EventRounds "9"]
[EventCountry "USA"]
[SourceTitle "EXT 2022"]
[Source "ChessBase"]
[SourceDate "2021.10.06"]
[SourceVersion "1"]
[SourceVersionDate "2021.10.06"]
[SourceQuality "1"]

1. e4 e5 2. Nf3 Nc6 3. Bc4 Bc5 4. c3 Nf6 5. d4 exd4 6. b4 Bb6 7. e5 d5 8. exf6 dxc4 9. Qe2+ Be6 10. b5 d3 11. Qe4 Na5 12. fxg7 Rg8 13. Bg5 Qd5 14. Nbd2 Rxg7 15. h4 h6 16. Qxd5 Bxd5 17. Bxh6 Rxg2 18. 0-0-0 1-0

[Event "Titled Tuesday intern op 20th July"]
[Site "Chess.com INT"]
[Date "2021.07.20"]
[Round "1"]
[White "Timofeev, Artyom"]
[Black "Neklyudov, Viacheslav I"]
[Result "1-0"]
[WhiteElo "2594"]
[BlackElo "2432"]
[PlyCount "33"]
[EventDate "2021.07.20"]
[EventType "swiss (blitz)"]
[EventRounds "11"]
[EventCountry "USA"]
[SourceTitle "CBM 203 Extra"]
[Source "ChessBase"]
[SourceDate "2021.09.30"]
[SourceVersion "1"]
[SourceVersionDate "2021.09.30"]
[SourceQuality "1"]

1. c4 f5 2. Nc3 e5 3. d4 d6 4. Nf3 Nc6 5. dxe5 Nxe5 6. Bf4 Nxc4 7. Qa4+ c6 8. Qxc4 d5 9. Qd3 Nf6 10. e3 Be7 11. Be2 0-0 12. 0-0 Ne4 13. Be5 Be6 14. Qc2 Qe8 15. Nd4 Bd7 16. f4 Rc8 17. Rad1 1-0